000 01011cam a2200277u 4500
001 4913
003 BD-RjUL
005 20211208233957.0
008 131223s1976 ii 001 0 eng d
035 _a(BD-RjUL)4948
040 _aDLC
_cCarP
_dDLC
_dBD-RjUL)
_beng
041 _aeng
082 0 4 _a347.9
_bMAG
100 1 _aMahajan, Vidya Dhar
_915494
110 1 _aIndia (Republic)
_kLaws, statutes, etc. [from old catalog]
_915507
245 1 4 _aThe General clauses act, 1897, with an exhaustive, explanatory and critical commentary, up-to-date Indian and foreign case law, States' general clauses acts and many other useful appendices /
250 _a4th ed
260 _aLucknow,
_bEastern Book Co.
_c[1967]
300 _aliv, 674 p.
_c25 cm.
650 0 _aLaw
_zIndia
_xTerms and phrases. [from old catalog]
_915496
650 0 _aLaw
_zIndia
_xInterpretation and construction. [from old catalog]
_915497
700 1 _eed.
_915498
942 _2ddc
_cBK
999 _c4913
_d4913